Biblioteca

La mujer en las funciones litúrgicas (Registro nro. 69758)

Detalles MARC
000 -LÍDER
Campo fijo de descripción fija 01337nab a2200241 i 4500
001 - NÚMERO DE CONTROL
Campo de control 768714001
003 - IDENTIFICADOR DEL NÚMERO DE CONTROL
Campo de control CO-MdFUSB
005 - FECHA Y HORA DE LA ULTIMA TRANSACCIÓN
control field 20240516170053.0
008 - ELEMENTOS DE LONGITUD FIJA -- INFORMACIÓN GENERAL
Campo fijo de descripción fija -- Información general 240516t1972 sp ||||| |||| 00| 0 spa d
040 ## - FUENTE DE CATALOGACIÓN
Idioma de catalogación spa
Agencia que realiza la transcripción CO-MdFUSB
Agencia que realiza la modificación CO-MdFUSB
041 ## - CÓDIGO DE IDIOMA
Código de idioma para texto/pista de sonido o título separado spa
100 ## - ASIENTO PRINCIPAL--NOMBRE PERSONAL
Nombre personal Eyden, René van,
Fechas asociadas con el nombre 1927-
Término relacionador autor
245 #3 - TÍTULO
Título La mujer en las funciones litúrgicas
Mención de responsabilidad / Rene Van Eyden ; traducido por Gilberto Gutiérrez
520 ## - NOTA DE RESUMEN, ETC.
Nota de sumario, etc. En abril de 1971 estaban congregados los obispos canadienses en Ottawa, en su conferencia de primavera; al mismo tiempo se reunía allí la asamblea de mujeres de la Canadian Catholic Conference. Se aprovechó la ocasión para celebrar una reunión en la que se deliberara acerca del status de la mujer en la Iglesia. En esta reunión, en la que participaron 65 obispos y 60 mujeres, se presentó a los obispos un total de cincuenta recomendaciones.
650 #7 - ASIENTO SECUNDARIO DE MATERIA - TERMINO TEMÁTICO
Término temático o nombre geográfico como elemento de entrada Liturgia
9 (RLIN) 206
650 #2 - ASIENTO SECUNDARIO DE MATERIA - TERMINO TEMÁTICO
Término temático o nombre geográfico como elemento de entrada Sacramentos (Liturgia)
9 (RLIN) 1174
650 #0 - ASIENTO SECUNDARIO DE MATERIA - TERMINO TEMÁTICO
Término temático o nombre geográfico como elemento de entrada Mujeres
Subdivisión general Aspectos religiosos
-- Cristianismo
9 (RLIN) 326
650 #7 - ASIENTO SECUNDARIO DE MATERIA - TERMINO TEMÁTICO
Término temático o nombre geográfico como elemento de entrada Iglesia
9 (RLIN) 655
700 ## - ENTR. SECUNDARIA - Nombre Personal (R)
Nombre de persona Gutiérrez, Gilberto,
Término indicativo de función traductor
773 0# - ASIENTO DE ITEM FUENTE
Biblionumber 49450
Itemnumber 82640
Otro identificador del ítem R2562
Título Revista internacional de teología Concilium
Número de control del registro (CO-MdFUSB)8
Número Internacional Normalizado para Publicaciones Seriadas (ISSN) 0210-1041
Parte(s) relacionada(s) / Volumen., número. (mes año), páginas Número 72, (febrero, 1972), páginas: 213 - 231
Enumeración y primera página página: 213
942 ## - TIPO DE MATERIAL (KOHA)
Tipo de Item KOHA Artículos de Revista
945 ## - INFORMACIÓN LOCAL DEL REGISTRO
Catalogador Catherine Arias Alvarez - Practicante SENA

No hay ítems disponibles.

Biblioteca FUSBC | Teléfono: (57+4) 349 88 10 Ext. 141| WhatsApp (+57) 3005338115 
E-mail: biblioteca@unisbc.edu.co | Calle 76 87-14 Robledo Palenque, Medellín, Colombia

Con tecnología Koha